00353nam a22000977a 450000500170000010000740001724500810009126000280017230000090020070000460020920260629144309.0 aAbdul Samad Dahria21-MSM-01aSupervisor - Dr. Muhammad Afzal Soomro  aSubstitution Box Generated by Point of Order Two on Elliptic Curve Over if28 aNawabshah bQUESTc2025 a97p. aDepartment of Mathematics and Statistics